ბათუმის შოთა რუსთაველის სახელმწიფო უნივერსიტეტის ბიბლიოთეკა

ქართველები : (ბიბ.ჩანაწერი № 51581)

000 -ლიდერი
ფიქსირებული სიგრძის საკონტროლო ველი 01492nam a2200253Ia 4500
001 - საკონტროლო ნომერი
საკონტროლო ველი 18572
003 - საკონტროლო ნომრის იდენტიფიკატორი
საკონტროლო ველი GE_BSU
005 - ბოლო ოპერაციის თარიღი და დრო
საკონტროლო ველი 20200315201138.0
008 - ფიქსირებული სიგრძის მონაცემთა ელემენტები - ზოგადი ინფორმაცია
ფიქსირებული სიგრძის საკონტროლო ველი 181216s2016||||ge |||||||||||||| ||geo||
020 ## - წიგნის საერთაშორისო სტანდარტული ნომერი
International Standard Book Number 9789941241475(წიგნი 18)
040 ## - კატალოგიზაციის წყარო
Transcribing agency GE_BSU
041 ## - ენის კოდი
Language code of text/sound track or separate title geo
080 ## - უნივერსალური ათობითი კლასიფიკაციის ინდექსი
Universal Decimal Classification number 94(479.22) + 39 + 81 + 7 ქ-27
245 ## - ცნობა სათაურის შესახებ
Title ქართველები :
Remainder of title ყველაფერი ქართველთა კულტურისა და ეთნოსის შესახებ /
Statement of responsibility, etc რედ. ლიანა ბერიაშვილი, ლიანა მელიქიშვილი ; დიზაინერი დათო მოსიაშვილი.
250 ## - გამოცემის ცნობა
Edition statement სამაგიდო წიგნების უნივერსალური ათეული : წიგნი 18
264 ## - წარმოების, გამოცემის, დისტრიბუციის და სხვა ცნობები
გამოცემის, წარმოების, დისტრიბუციის... ადგილი თბილისი :
გამოცემის, წარმოების, დისტრიბუციის... სახელწოდება პალიტრაL,
გამოცემის, წარმოების, დისტრიბუციის... თარიღი 2016.
300 ## - ფიზიკური აღწერა
Extent 711გვ. ;
Dimensions 27 სმ.
500 ## - ზოგადი შენიშვნა
General note ტერმინთა განმარტება გვ. 634-709 ; შემოკლებათა გან. გვ. 710-711.
653 ## - INDEX TERM--UNCONTROLLED
Uncontrolled term საქართველოს ისტორია
700 ## - ADDED ENTRY--PERSONAL NAME
Personal name ბერიაშვილი, ლიანა
Relator term რედაქტორი
9 (RLIN) 7741
700 ## - ADDED ENTRY--PERSONAL NAME
Personal name მელიქიშვილი, ლიანა
Relator term რედაქტორი
9 (RLIN) 7742
700 ## - ADDED ENTRY--PERSONAL NAME
Personal name მოსიაშვილი, დათო
Relator term დიზაინერი
9 (RLIN) 7743
942 ## - ADDED ENTRY ELEMENTS (KOHA)
Koha item type წიგნი
Source of classification or shelving scheme
ეგზემპლარები
ჩამოწერის სტატუსი დაკარგული ეგზემპლარის სტატუსი კლასიფიკაციის წყარო ან თაროზე გაწყობის სქემა დაზიანების სტატუსი არ გაიცემა მუდმივი მდებარეობა (დაცვის ადგილი) ამჟამინდელი ადგილსამყოფელი თაროზე განთავსების ადგილი შეძენის თარიღი სრული შენახვის შიფრი შტრიხკოდი ბოლო ოპერაციის თარიღი ეგზემპლარის მიმდევრობითი ნომერი (კეტერი?) ფასის ძალაში შესვლის თარიღი ეგზემპლარის სახეობა
          ბათუმის შოთა რუსთაველის სახელმწიფო უნივერსიტეტის მთავარი ბიბლიოთეკა ბათუმის შოთა რუსთაველის სახელმწიფო უნივერსიტეტის მთავარი ბიბლიოთეკა წიგნსაცავი 2018-12-17 94(479.22) + 39 + 81 + 7 ქ-27 48003 2018-12-17 48003 2018-12-17 წიგნი
          ბათუმის შოთა რუსთაველის სახელმწიფო უნივერსიტეტის მთავარი ბიბლიოთეკა ბათუმის შოთა რუსთაველის სახელმწიფო უნივერსიტეტის მთავარი ბიბლიოთეკა წიგნსაცავი 2018-12-17 94(479.22) + 39 + 81 + 7 ქ-27 51805 2018-12-17 51805 2018-12-17 წიგნი